|
|
|
|
| LEADER |
01751nam a2200445 i 4500 |
| 001 |
EBC4443925 |
| 003 |
MiAaPQ |
| 005 |
20200520144314.0 |
| 006 |
m o d | |
| 007 |
cr cnu|||||||| |
| 008 |
160615t20142014gaua ob 001 0 eng d |
| 020 |
|
|
|a 9780983973423
|q (electronic bk.)
|
| 020 |
|
|
|a 9780979714696
|q (electronic bk.)
|
| 035 |
|
|
|a (MiAaPQ)EBC4443925
|
| 035 |
|
|
|a (Au-PeEL)EBL4443925
|
| 035 |
|
|
|a (CaPaEBR)ebr11172354
|
| 035 |
|
|
|a (OCoLC)945136117
|
| 040 |
|
|
|a MiAaPQ
|b eng
|e rda
|e pn
|c MiAaPQ
|d MiAaPQ
|
| 043 |
|
|
|a n-us---
|
| 050 |
|
4 |
|a HF5383
|b .Y384 2014
|
| 082 |
0 |
|
|a 650.14
|2 23
|
| 100 |
1 |
|
|a Yate, Martin John,
|e author.
|
| 245 |
1 |
0 |
|a Knock 'em dead :
|b secrets & strategies for success in an uncertain world : how to take control of your job search, career, and life! /
|c Martin Yate.
|
| 264 |
|
1 |
|a Savannah, Georgia :
|b Jumpingdude Media,
|c 2014.
|
| 264 |
|
4 |
|c 2014
|
| 300 |
|
|
|a 1 online resource (174 pages) :
|b illustrations, tables
|
| 336 |
|
|
|a text
|2 rdacontent
|
| 337 |
|
|
|a computer
|2 rdamedia
|
| 338 |
|
|
|a online resource
|2 rdacarrier
|
| 504 |
|
|
|a Includes bibliographical references at the end of each chapters and index.
|
| 588 |
|
|
|a Description based on print version record.
|
| 590 |
|
|
|a Electronic reproduction. Ann Arbor, MI : ProQuest, 2016. Available via World Wide Web. Access may be limited to ProQuest affiliated libraries.
|
| 650 |
|
0 |
|a Job hunting.
|
| 650 |
|
0 |
|a Vocational guidance.
|
| 650 |
|
0 |
|a Employment interviewing.
|
| 650 |
|
0 |
|a Resumes (Employment)
|
| 650 |
|
0 |
|a Young adults
|z United States
|v Life skills guides.
|
| 655 |
|
4 |
|a Electronic books.
|
| 797 |
2 |
|
|a ProQuest (Firm)
|
| 856 |
4 |
0 |
|u https://ebookcentral.proquest.com/lib/matrademy/detail.action?docID=4443925
|z Click to View
|